Jeu vidéo par image - Statistiques

Statistiques générales
  • Ce quiz a été pris 81 fois
  • Le résultat moyen est 9 sur 16
Statistiques - réponses
Par images Réponse % Correct
sonic
97%
Halo
87%
Assassin's Creed
81%
Tetris
81%
Valorant
76%
League Of Legends
71%
Rainbow six siege
62%
Resident Evil
57%
Overwatch
56%
Super Smashbros
56%
Counter Strike
53%
Brawlhalla
38%
Breath Of The Wild
37%
brawlstars
34%
Rust
25%
Rise of kingdoms
16%
Aucun quiz correspondant
Distribution des résultats
% des personnes avec chaque résultat
Percentile par nombre de réponses
Votre historique - résultats
Vous n’avez pas pris ce quiz